Problèmes aux limites non homogènes et applications /

Guardado en:
Autor Principal: Lions, J.-L. 1928-2001.
Otros Autores: Magenes, Enrico.
Formato: Libro
Idioma:French
Publicado: Paris : Dunod, 1968-1970.
Series:Travaux et recherches mathématiques ; 17, 18, 20
Etiquetas: Agregar Etiqueta
Sin Etiquetas, Sea el primero en etiquetar este registro!
LEADER 00820cam a22002295a 4500
001 MAT.inmabb002397
008 720414m19681970fr#######b####000#0#fre#d
005 20160530122709.0
245 1 0 |a Problèmes aux limites non homogènes et applications /  |c J. L. Lions, E. Magenes. 
260 |a Paris :  |b Dunod,  |c 1968-1970. 
300 |a 3 v. ;  |c 25 cm. 
440 0 |a Travaux et recherches mathématiques ;  |v 17, 18, 20 
504 |a Bibliografía: v. 1, p. [335]-372. 
510 4 |a MR,  |c 40 #512  |3 (vol. 1) 
510 4 |a MR,  |c 40 #513  |3 (vol. 2) 
510 4 |a MR,  |c 45 #975  |3 (vol. 3) 
500 |a La biblioteca sólo posee el v. 1.  |5 AR-BbIMB 
100 1 |a Lions, J.-L.  |q (Jacques-Louis),  |d 1928-2001. 
700 1 |a Magenes, Enrico. 
084 |a 35.00 (46.00)  |2 MR 
010 |a  68023607  
859 |h 35  |i L763p  |p A-4075  |3 Vol. 1  |b BIB. MATEMATICA